000 00685cam a2200181 i 4500
005 20260118100149.0
008 250721s2011 jo gr 000 0 ara d
020 _a9957535250
082 1 4 _a324.2565
_bم ع ا
100 1 _aالمعايطة، ناصر
_eمؤلف.
245 1 2 _aالأحزاب السياسية :
_bدراسة الأحزاب الأردنية 1921-1993 /
_cالمؤلف الدكتور ناصر المعايطة.
264 3 1 _aعمان :
_bمؤسسة البلسم للنشر والتوزيع،
_c2011.
300 _a176 صفحة.
650 1 7 _aالأحزاب السياسية.
650 1 7 _aالأردن.
942 _2ddc
_cBK
999 _c122784
_d122784